01183nam a2200241 i 4500001000700000003000900007005001700016008004100033040002000074100003700094245012900131250004500260260010400305300008900409596002400498597003400522599007200556599003300628651004800661852008900709999001900798952012400817162441ES-MaACL20250811063159.0931025s1787 sp ax |||| | spa d aCAM bspa cPAB1 aPonz, Antonio,d1725-179299306910aViage de España b: en que se da noticia de las cosas mas apreciables ... / csu autor D. Antonio Ponz ... ; tomo primero. aTercera edición corregida y aumentada. aMadrid : bpor la viuda de Ibarra hijos y compañía : bse hallará ... en su imprenta, c1787. a[8], 408 p., [3] h. de grab., [1] h. de map. pleg., [4] h. de grab. pleg. ; c16 cm. aMarca tip. en port. aSign.: a4, A-Z8, 2A-2B8, 2C4. aLas h. de grab., esculturas y monumentos de España, algunas pleg. aLa h. de map. pleg., Toledo. 4aToledo (Provincia)-xDescripción.9169481 aES-MaACLjR-468-85 z-- Enc. piel, no original de la épocax Olim: F-12859-76 c162441d162441 001040708LIBXVIIIaATENEOMbATENEOMcDEPOd2008-01-17l0oR-468-85p1170178r2023-02-23 00:00:00w2023-02-23yMONANT